000 00292nam a2200109Ia 4500
008 190216s9999||||xx |||||||||||||| ||und||
100 _aJain Sp And Narag K L
245 0 _aSolution To Problems On Advanced Cost And Management Accounting
260 _bNull
_c1994
300 _a1198p
942 _cBK
999 _c5614
_d5614